| 000 | 00864cad a22002055a 4500 | ||
|---|---|---|---|
| 001 | E150358 | ||
| 008 | 100705s2010 xxk f 000 0 eng d | ||
| 020 | _a9780755994151 | ||
| 035 | _a(Sirsi) u150358 | ||
| 041 | 0 | _aeng | |
| 110 | 2 |
_aScotland _bScottish Government _95344 |
|
| 245 | 0 | 0 |
_aHousing _bfresh thinking, new ideas [summary] _h[electronic resource] |
| 260 |
_aEdinburgh _bScottish Government _c2010 |
||
| 520 | _aSummarises the discussion document 'Housing: Fresh Thinking, New Ideas' (see E150019), which is aimed at sparking a debate on the subject of housing in Scotland. | ||
| 590 | _aKA | ||
| 651 | 4 |
_aScotland _y1999- |
|
| 690 | _aPROPERTY-RESIDENTIAL PROPERTY-DOMESTIC RESIDENTIAL PROPERTY-HOUSING | ||
| 856 | 4 | 0 |
_uhttps://www.scotland.gov.uk/Publications/2010/06/25144849/0 _zView the summary free of charge at www.scotland.gov.uk |
| 942 | _n0 | ||
| 999 |
_c110843 _d110843 |
||